00296nam a2200121 a 450000100080000000500110000800800410001924500580006026000250011830000090014365000130015265300090016515042062023-06-22 1977 bl uuuu u0uu1 u #d aA BORRACHA acreanabPROBOR II.h[electronic resource] aRio Branco, ACc1977 a9 p. aBorracha aAcre